Моделирование высокоэнергетической части космического спектра электронов для наземных испытаний элементов космических аппаратов; Физико-технические проблемы в науке, промышленности и медицине

Bibliografiske detaljer
Parent link:Физико-технические проблемы в науке, промышленности и медицине.— 2015.— [С. 89]
Hovedforfatter: Беспалов В. И. Валерий Иванович
Corporate Authors: Национальный исследовательский Томский политехнический университет (ТПУ) Физико-технический институт (ФТИ) Кафедра прикладной физики (№ 12) (ПФ), Национальный исследовательский Томский политехнический университет (ТПУ) Институт неразрушающего контроля (ИНК) Кафедра физических методов и приборов контроля качества (ФМПК)
Andre forfattere: Зыков В. М. Владимир Михайлович
Summary:Заглавие с титульного экрана
Sprog:russisk
Udgivet: 2015
Serier:Математическое моделирование в фундаментальных и прикладных исследованиях
Fag:
Online adgang:http://earchive.tpu.ru/handle/11683/17602
http://www.lib.tpu.ru/fulltext/c/2015/C49/064.pdf
Format: MixedMaterials Electronisk Book Chapter
KOHA link:https://koha.lib.tpu.ru/cgi-bin/koha/opac-detail.pl?biblionumber=612668

MARC

LEADER 00000naa2a2200000 4500
001 612668
005 20260425165316.0
035 |a (RuTPU)RU\TPU\conf\10799 
035 |a RU\TPU\conf\10797 
090 |a 612668 
100 |a 20150623d2015 k y0rusy50 ca 
101 0 |a rus 
102 |a RU 
135 |a drcn ---uucaa 
181 0 |a i  
182 0 |a b 
200 1 |a Моделирование высокоэнергетической части космического спектра электронов для наземных испытаний элементов космических аппаратов  |f В. И. Беспалов, В. М. Зыков 
203 |a Текст  |c электронный 
225 1 |a Математическое моделирование в фундаментальных и прикладных исследованиях 
300 |a Заглавие с титульного экрана 
320 |a [Библиогр.: с. 89 (2 назв.)] 
337 |a Adobe Reader 
463 1 |0 (RuTPU)RU\TPU\conf\10637  |t Физико-технические проблемы в науке, промышленности и медицине  |o сборник тезисов докладов VII Международной научно-практической конференции, г. Томск, 3-6 июня 2015 г.  |f Национальный исследовательский Томский политехнический университет (ТПУ) ; под ред. А. Н. Дьяченко [и др.]  |v [С. 89]  |d 2015 
610 1 |a труды учёных ТПУ 
610 1 |a электронный ресурс 
610 1 |a космические спектры 
610 1 |a электроны 
610 1 |a элементы 
610 1 |a космические аппараты 
610 1 |a радиационные испытания 
610 1 |a электронные спектры 
700 1 |a Беспалов  |b В. И.  |c физик  |c доцент Томского политехнического университета, кандидат физико-математических наук  |f 1946-  |g Валерий Иванович  |3 (RuTPU)RU\TPU\pers\26488 
701 1 |a Зыков  |b В. М.  |c физик, специалист в области качества  |c профессор Томского политехнического университета, доктор технических наук  |f 1940-  |g Владимир Михайлович  |3 (RuTPU)RU\TPU\pers\30959  |9 15197 
712 0 2 |a Национальный исследовательский Томский политехнический университет (ТПУ)  |b Физико-технический институт (ФТИ)  |b Кафедра прикладной физики (№ 12) (ПФ)  |3 (RuTPU)RU\TPU\col\18729 
712 0 2 |a Национальный исследовательский Томский политехнический университет (ТПУ)  |b Институт неразрушающего контроля (ИНК)  |b Кафедра физических методов и приборов контроля качества (ФМПК)  |3 (RuTPU)RU\TPU\col\18709 
801 2 |a RU  |b 63413507  |c 20210210  |g RCR 
856 4 |u http://earchive.tpu.ru/handle/11683/17602 
856 4 |u http://www.lib.tpu.ru/fulltext/c/2015/C49/064.pdf 
942 |c BK